[Event "Astorp mot 100 2015-2016"]
[Site "Astorp"]
[Date "2016.03.30"]
[Round "4"]
[White "Rosell, Tomas"]
[Black "Nilsson, Patrik"]
[Result "1-0"]
[WhiteElo "2165"]
[BlackElo "2136"]

1.e4 e6 2.d4 d5 3.Nc3 Nf6 4.Bg5 Be7 5.e5 Nfd7 6.h4 a6 7.Qg4 Bxg5 8.hxg5 c5 9.g6 f5 10.Qf4 h6 11.dxc5 O-O 12.Nf3 Nxc5 13.O-O-O Ne4 14.Qe3 Qa5 15.Nxe4 fxe4 16.Ng5 Qxa2 17.Nh7 Qa1+ 18.Kd2 d4 19.Qxe4 Qa5+ 20.Ke2 Rf5 21.f4 Bd7 22.Rxd4 Bb5+ 23.c4 Nc6 24.Rd3 Nxe5 25.fxe5 Bxc4 26.Qxc4 Rxe5+ 27.Kf2 Qe1+ 28.Kg1 Rf5 29.Rf3 Rxf3 30.gxf3 Qe3+ 31.Kg2 Rd8 32.Be2 b5 33.Qe4 Qb3 34.Rd1 Rc8 35.Rd6 1-0